000 00491nam a22001697a 4500
003 NUST - PNEC
005 20170116181138.0
008 151007b xxu||||| |||| 00| 0 eng d
020 _a0749425776
040 _cLIBRARY
082 _a658.4092 BAR
100 _914429
_aBarrett, Jim
245 _aTotal leadership : how to inspire and motivate for personal and team effectiveness
_cJim Barrett
260 _aLondon:
_c1998
650 _914431
_aEmployee motivation
_xMIS
942 _2ddc
_cBK
999 _c70326
_d70326